Logo Biblioteca

El club de las zapatillas rojas / (Registro nro. 947)

Detalles MARC
000 -LEADER
fixed length control field 01157nam a22002657a 4500
003 - CONTROL NUMBER IDENTIFIER
control field AR-RoUNCS
005 - DATE AND TIME OF LATEST TRANSACTION
control field 20260306123333.0
007 - PHYSICAL DESCRIPTION FIXED FIELD--GENERAL INFORMATION
fixed length control field ta
008 - FIXED-LENGTH DATA ELEMENTS--GENERAL INFORMATION
fixed length control field 160803s2016 ag a dr 000 f spa
015 ## - NATIONAL BIBLIOGRAPHY NUMBER
National bibliography number AR-2016
020 ## - INTERNATIONAL STANDARD BOOK NUMBER
International Standard Book Number 978-987-3820-29-8
040 ## - CATALOGING SOURCE
Original cataloging agency AR-BaBN
Language of cataloging spa
Transcribing agency AR-RoUNCS
Description conventions aacr
044 ## - COUNTRY OF PUBLISHING/PRODUCING ENTITY CODE
MARC country code ag
ISO country code ar-c
080 1# - UNIVERSAL DECIMAL CLASSIFICATION NUMBER
Universal Decimal Classification number 82-31(460)
Edition identifier 2016
100 1# - MAIN ENTRY--PERSONAL NAME
Personal name Punset, Ana,
Dates associated with a name 1981-
Relator term autora
Relationship aut
245 13 - TITLE STATEMENT
Title El club de las zapatillas rojas /
Statement of responsibility, etc. Ana Punset ; ilustraciones de Paula González.
250 ## - EDITION STATEMENT
Edition statement 1a ed. en la Argentina bajo este sello.
260 ## - PUBLICATION, DISTRIBUTION, ETC.
Place of publication, distribution, etc. Buenos Aires :
Name of publisher, distributor, etc. Montena,
Date of publication, distribution, etc. 2016.
300 ## - PHYSICAL DESCRIPTION
Extent 264 p. :
Other physical details il. ;
Dimensions 21 cm.
520 3# - SUMMARY, ETC.
Summary, etc. Lucía, Frida, Bea y Marta son inseparables, siempre lo han sido y siempre lo serán. Ahora deben enfrentarse a una difícil noticia: ¡Marta y su familia se va a vivir a Berlín! Parece que el mundo se acaba... pero pronto las cuatro amigas decidirán fundar un club que les permitirá estar unidas hasta el fin de los tiempos. (Descripción del editor)
650 #7 - SUBJECT ADDED ENTRY--TOPICAL TERM
Source of heading or term embne
Topical term or geographic name entry element literatura española
655 #7 - INDEX TERM--GENRE/FORM
Genre/form data or focus term Novelas juveniles
Source of term embne
700 1# - ADDED ENTRY--PERSONAL NAME
Personal name González, Paula
Relator term ilustradora
Relationship ill
942 ## - ADDED ENTRY ELEMENTS (KOHA)
Source of classification or shelving scheme Universal Decimal Classification
Koha item type Obra General
Suppress in OPAC No
Existencias
Withdrawn status Lost status Source of classification or shelving scheme Damaged status Not for loan Collection Home library Current library Date acquired Source of acquisition Total checkouts Full call number Barcode Date last seen Price effective from Koha item type
    Universal Decimal Classification     Colección General Biblioteca Escuela de Ciencias Sociales Biblioteca Escuela de Ciencias Sociales 06/03/2026 Donación 2023   82-31(460) P984 000501 06/03/2026 06/03/2026 Obra General
Biblioteca de la Escuela Preuniversitaria en Ciencias Sociales y Humanísticas.
Riobamba 250 bis.
CP 2000 - Rosario - Santa Fe
E-Mail: biblioteca@esociales.unr.edu.ar